00609 2200229 4500001002100000005001500021035002000036007000300056008004100059020002200100082000800122084001400130100002100144245005900165250001000224260003500234300002500269650003200294504003000326990001000356990001300366INLIS00000000000048820180423094757 a0010-1017000042ta180423 f 0 ind  a978-979-27-6267-9 a297 a297 SYA m0 aMUHAMMAD.Syamlan1 aMencerdaskan Hati Melapangkan Dada /cMuhammad Syamlan aCet.1 aJakarta :bPT. Gramedia,c2009 a412hlm ;c14 x 17 cm aIslam Sebagai Pedoman Hidup aBibliografi : hal 408-410 a14477 a14.477 a